000
00252nam a2200097Ia 4500
001
815796
005
20250826171703.0
008
250824s9999 xx 000 0 und d
245
0
_a
UZAYDAKİ DÜŞMAN
_c
TUNCEL ALTINKÖPRÜ
260
_b
GENÇ HAYAT YAYINLARI
999
_c
815796
_d
815796